| 000 | 00746nam a22002297a 4500 | ||
|---|---|---|---|
| 005 | 20150224115220.0 | ||
| 008 | 140714b xxu||||| |||| 00| 0 Urdu d | ||
| 010 | _aUR-8670 | ||
| 020 | q | _c150.00 | |
| 020 | _c9788182233783 | ||
| 035 | _aU-7225 | ||
| 037 | _bDBAD/Pub. | ||
| 040 |
_aDPL _bUrdu |
||
| 082 | _a840.44 | ||
| 100 | _aقيصر ضحی عا لم | ||
| 245 |
_aلسا نی ا و ر ا د بی مطا لعے _cقيصر ضحی عا لم |
||
| 246 |
_aLesani aur Adabi Motaale _bBy Qaiser Zoha Alam |
||
| 260 |
_aد ھلی _bEducational Publishing House _c2014 |
||
| 270 |
_a3108,Vakeel Street,Kucha Pandit,Lal Kuan _b.Delhi _e110006 |
||
| 300 |
_a120ص _c22Cm (Hb) |
||
| 942 |
_2ddc _cUR _e _h840.44 _mق ے ص |
||
| 999 |
_c91778 _d91778 |
||